[Event "IV Open Internacional Calvia"]
[Site "Calvia"]
[Date "2007.10.21"]
[Round "7.22"]
[White "Mascaro March, Pedro"]
[Black "Damljanovic, Branko"]
[Result "0-1"]
[WhiteElo "2370"]
[BlackElo "2608"]
[PlyCount "120"]
[EventDate "2007.??.??"]

1. d4 Nf6 2. c4 g6 3. Nc3 Bg7 4. e4 d6 5. Be2 O-O 6. Nf3 c5 7. d5 e6 8. O-O Re8
9. h3 Na6 10. Bg5 h6 11. Bf4 e5 12. Be3 Nh7 13. Qd2 h5 14. Ng5 Nc7 15. Nxh7
Kxh7 16. f4 exf4 17. Bxf4 Bd4+ 18. Kh1 f6 19. Bd3 Be5 20. Bxe5 Rxe5 21. Ne2 Ne8
22. Ng1 Re7 23. Nf3 Rg7 24. b4 b6 25. bxc5 bxc5 26. Rab1 Qe7 27. Qc3 Kg8 28.
Bc2 Bd7 29. Rb7 Qd8 30. Nh4 g5 31. Nf5 Bxf5 32. Rxg7+ Nxg7 33. exf5 Qf8 34. Re1
h4 35. Kh2 Rb8 36. Re2 Qd8 37. Re1 Kf7 38. Qf3 Rb7 39. Re6 Kg8 40. Qc3 Nxe6 41.
fxe6 Kf8 42. Qf3 Ke7 43. Qh5 Qg8 44. Bf5 Qg7 45. Qd1 Qh8 46. Qa4 Qe8 47. Qa6
Rc7 48. Qa3 Kf8 49. Qd3 Rb7 50. Bg6 Qe7 51. Bf7 Qd8 52. Qh7 Qb8 53. Qh6+ Ke7
54. Bh5 Qg8 55. Bf7 Qf8 56. Qg6 Qh8 57. Qc2 f5 58. Qxf5 Qe5+ 59. Qxe5 dxe5 60.
Bg6 Rb2 0-1

[Event "IV Open Internacional Calvia"]
[Site "Calvia"]
[Date "2007.10.21"]
[Round "7.23"]
[White "Gagunashvili, Merab"]
[Black "Mihailovs, Jurijs"]
[Result "1/2-1/2"]
[WhiteElo "2584"]
[BlackElo "2366"]
[PlyCount "54"]
[EventDate "2007.??.??"]

1. Nf3 c5 2. g3 Nf6 3. Bg2 g6 4. O-O Bg7 5. d3 Nc6 6. e4 d5 7. Nbd2 O-O 8. exd5
Nxd5 9. Re1 b6 10. c3 Bb7 11. a4 Qc7 12. Nc4 Rad8 13. Qe2 Rfe8 14. h4 e5 15. h5
Qd7 16. Ng5 Nf6 17. hxg6 hxg6 18. Ne4 Nxe4 19. dxe4 Ba6 20. Nxb6 Bxe2 21. Nxd7
Rxd7 22. Rxe2 Rd1+ 23. Bf1 Na5 24. Rb1 Nb3 25. Rc2 Bh6 26. Bxh6 Rxb1 27. Kg2
Rb8 1/2-1/2

[Event "IV Open Internacional Calvia"]
[Site "Calvia"]
[Date "2007.10.21"]
[Round "7.24"]
[White "Del Rio Angelis, Salvador G"]
[Black "Zozulia, Anna"]
[Result "1/2-1/2"]
[WhiteElo "2512"]
[BlackElo "2343"]
[PlyCount "181"]
[EventDate "2007.??.??"]

1. e4 g6 2. d4 Bg7 3. c3 d6 4. Nf3 Nf6 5. Bd3 O-O 6. O-O c6 7. Re1 Qc7 8. Na3
e5 9. dxe5 dxe5 10. Nc4 Nbd7 11. Bc2 b6 12. b4 Ba6 13. Bb3 Bxc4 14. Bxc4 b5 15.
Bf1 a5 16. Qc2 Rfb8 17. c4 bxc4 18. bxa5 Qxa5 19. Bxc4 Qa4 20. Bd3 Qxc2 21.
Bxc2 Nc5 22. Rb1 Rxb1 23. Bxb1 Nfd7 24. Be3 Ne6 25. Rc1 c5 26. Nd2 Nd4 27. Kf1
Bf8 28. Nc4 f6 29. a3 Kg7 30. Bd3 Be7 31. Rb1 Ra7 32. Ke1 Kf7 33. Kd2 Ke6 34.
g4 Bd8 35. h3 Bc7 36. Rb2 Ba5+ 37. Kd1 g5 38. Bc1 Bc7 39. Rb1 Nb8 40. Ne3 Nbc6
41. Bb5 Nxb5 42. Rxb5 Bd6 43. Rb6 Ne7 44. Kc2 Nc8 45. Rb1 Ra4 46. f3 Ne7 47.
Kc3 Kd7 48. Nc4 Kc7 49. Rb5 Nc6 50. Nb6 Nd4 51. Nd5+ Kc6 52. Rb6+ Kd7 53. Nxf6+
Ke7 54. Nd5+ Ke6 55. Ne3 Kd7 56. Bb2 Nxf3 57. Nc4 Bc7 58. Rh6 Nd4 59. Rxh7+ Kc6
60. h4 gxh4 61. Rxh4 Kb5 62. Ne3 Ba5+ 63. Kd3 c4+ 64. Nxc4 Rxc4 65. Rh5 Bc7 66.
Bc3 Ra4 67. Rh7 Bd6 68. g5 Rxa3 69. g6 Ne6 70. g7 Nxg7 71. Rxg7 Kc6 72. Rg6 Kd7
73. Kc4 Bc7 74. Rh6 Ra8 75. Kd5 Ra3 76. Rh7+ Kc8 77. Bb4 Ra6 78. Bc5 Rg6 79.
Rf7 Ra6 80. Be7 Ra4 81. Bc5 Ra6 82. Re7 Rh6 83. Rg7 Ra6 84. Rf7 Rh6 85. Be7 Ra6
86. Bf6 Ra4 87. Kc6 Ra6+ 88. Kd5 Ra5+ 89. Kc6 Ra6+ 90. Kd5 Ra5+ 91. Kc6 1/2-1/2

[Event "IV Open Internacional Calvia"]
[Site "Calvia"]
[Date "2007.10.21"]
[Round "7.26"]
[White "Carlsson, Pontus"]
[Black "Tscharotschkin, Michael"]
[Result "1-0"]
[WhiteElo "2481"]
[BlackElo "2290"]
[PlyCount "105"]
[EventDate "2007.??.??"]

1. e4 e6 2. d4 d5 3. Nd2 Nf6 4. e5 Nfd7 5. Bd3 c5 6. c3 Nc6 7. Ngf3 cxd4 8.
cxd4 f6 9. exf6 Nxf6 10. O-O Bd6 11. Nb3 O-O 12. Re1 Qc7 13. Qe2 Bd7 14. Bg5
Rae8 15. Ne5 Ne4 16. Bxe4 dxe4 17. Qxe4 Bxe5 18. dxe5 Rf5 19. Bf4 Ref8 20. Bg3
Qb6 21. Rad1 Be8 22. Qc4 Nxe5 23. Qd4 Bh5 24. Rd2 Nc6 25. Qxb6 axb6 26. Rxe6
Ra8 27. a3 Rb5 28. Nc1 Rc5 29. Re1 Ra4 30. f3 Rac4 31. Nd3 Rd5 32. Red1 Bg6 33.
Nf4 Rxd2 34. Rxd2 Rc2 35. Rxc2 Bxc2 36. Be1 Bb3 37. Bc3 g6 38. h4 Nd8 39. Kf2
Ne6 40. Nd3 Kf7 41. Ne5+ Ke7 42. Bb4+ Kd8 43. Ke3 Bc2 44. Bd6 Ke8 45. Kd2 Ba4
46. Ke3 Bc2 47. Bb4 Kd8 48. g3 Ke8 49. Nc4 Bb3 50. Nxb6 Kd8 51. Ke4 Nc7 52. Bd6
Ne8 53. Be5 1-0

[Event "IV Open Internacional Calvia"]
[Site "Calvia"]
[Date "2007.10.21"]
[Round "7.27"]
[White "Wirig, Anthony"]
[Black "Habibi, Ali"]
[Result "1-0"]
[WhiteElo "2467"]
[BlackElo "2269"]
[PlyCount "89"]
[EventDate "2007.??.??"]

1. d4 d6 2. Nf3 Nf6 3. g3 g6 4. c4 Bg7 5. Bg2 O-O 6. O-O Nc6 7. Nc3 a6 8. h3
Rb8 9. e4 b5 10. cxb5 axb5 11. Re1 b4 12. Nd5 Bd7 13. Nxf6+ Bxf6 14. Bh6 Bg7
15. Bxg7 Kxg7 16. Rc1 Na5 17. Qd2 c6 18. h4 f6 19. e5 Bf5 20. b3 h5 21. Qe3 Bd7
22. Nd2 d5 23. Qf4 Rb7 24. Re2 Ra7 25. Nf1 f5 26. Nh2 e6 27. Nf3 Qe7 28. Rec2
Nb7 29. Ne1 Rfa8 30. Qd2 Ra6 31. Bf1 Rb6 32. Nd3 Ra5 33. Be2 Be8 34. Kg2 Ra3
35. Kh2 Ra7 36. Kg1 Ra3 37. Kg2 Ra7 38. f3 Ra8 39. Kh3 Kh7 40. Rg1 Bf7 41. Qc1
Qd7 42. g4 Rg8 43. gxh5 gxh5 44. Rxg8 Kxg8 45. Qh6 1-0

[Event "IV Open Internacional Calvia"]
[Site "Calvia"]
[Date "2007.10.21"]
[Round "7.28"]
[White "Mogranzini, Roberto"]
[Black "Grant, Jonathan"]
[Result "0-1"]
[WhiteElo "2415"]
[BlackElo "2261"]
[PlyCount "130"]
[EventDate "2007.??.??"]

1. e4 c6 2. d4 d5 3. e5 Bf5 4. Nf3 e6 5. Be2 Nd7 6. O-O h6 7. Nbd2 Ne7 8. Nb3
Bh7 9. Bd2 Nf5 10. a4 c5 11. dxc5 Nxc5 12. Nfd4 a6 13. Nxf5 Nxb3 14. cxb3 Bxf5
15. Be3 Bb4 16. Bg4 Bg6 17. f4 Qd7 18. Qd4 a5 19. Be2 O-O 20. Rac1 Rac8 21. Bb5
Qe7 22. h3 Rfd8 23. Kh2 Bc2 24. Rf3 Be4 25. Rff1 Rc2 26. Rxc2 Bxc2 27. Rc1 Be4
28. Be2 Qf8 29. Qb6 Rc8 30. Bd1 Rxc1 31. Bxc1 Qc5 32. Be3 Qxb6 33. Bxb6 Kf8 34.
g4 Ke7 35. Kg1 Kd7 36. Kf2 Kc6 37. Bd4 Bd2 38. Kg3 Be1+ 39. Kh2 Bb4 40. Kg3 Bc5
41. Bc3 b6 42. Be2 Kd7 43. Bd1 Be3 44. b4 d4 45. Be1 axb4 46. Bxb4 g5 47. fxg5
hxg5 48. Bd6 Bf4+ 49. Kf2 f6 50. Bb8 fxe5 51. a5 bxa5 52. Ba4+ Kc8 53. Bd6 Bd5
54. b4 e4 55. Bxf4 gxf4 56. bxa5 f3 57. Bb5 e3+ 58. Kg3 e5 59. h4 e4 60. h5 d3
61. h6 Bg8 62. Bc4 Bh7 63. Be6+ Kb7 64. Bf5 Bxf5 65. gxf5 d2 0-1

[Event "IV Open Internacional Calvia"]
[Site "Calvia"]
[Date "2007.10.21"]
[Round "7.29"]
[White "Aroven, Mikael"]
[Black "Pogorelov, Ruslan"]
[Result "1/2-1/2"]
[WhiteElo "2201"]
[BlackElo "2411"]
[PlyCount "124"]
[EventDate "2007.??.??"]

1. c4 Nf6 2. Nf3 e6 3. g3 a6 4. Bg2 b5 5. b3 c5 6. O-O Bb7 7. Bb2 Be7 8. d3 O-O
9. e4 d6 10. Nbd2 Nbd7 11. Qe2 Qc7 12. Ng5 h6 13. Nh3 Nh7 14. f4 Bf6 15. Bxf6
Nhxf6 16. g4 Nh7 17. Nf3 f5 18. g5 Rfe8 19. Rae1 fxe4 20. dxe4 Ndf8 21. Nh4
hxg5 22. fxg5 g6 23. Qg4 Qg7 24. e5 Bxg2 25. Qxg2 dxe5 26. Nf3 Nd7 27. Rf2 bxc4
28. bxc4 Rab8 29. Rfe2 Rb4 30. Qg4 Nhf8 31. Nxe5 Nxe5 32. Rxe5 Qd7 33. Nf2 Reb8
34. Rd1 Qe7 35. Re2 Rb1 36. Qe4 Rxd1+ 37. Nxd1 Qd6 38. Nf2 Rd8 39. Kg2 Qd4 40.
h3 Kg7 41. Kg3 Qd6+ 42. Qe5+ Qxe5+ 43. Rxe5 Rd2 44. Rxc5 Rxa2 45. Rc7+ Kh8 46.
Ra7 Rc2 47. Ng4 Rc3+ 48. Kg2 Nh7 49. Ra8+ Kg7 50. Ra7+ Kh8 51. h4 Rxc4 52. Nh6
Rc8 53. Nf7+ Kg8 54. Nh6+ Kh8 55. Rxa6 Nf8 56. Ra7 Rc2+ 57. Kf3 Rc3+ 58. Ke2
Rc4 59. Nf7+ Kg8 60. Nh6+ Kh8 61. Ra8 Kg7 62. Ra7+ Kh8 1/2-1/2

[Event "IV Open Internacional Calvia"]
[Site "Calvia"]
[Date "2007.10.21"]
[Round "7.31"]
[White "Aleskerov, Faik"]
[Black "Persson, Mats"]
[Result "1-0"]
[WhiteElo "2327"]
[BlackElo "2131"]
[PlyCount "49"]
[EventDate "2007.??.??"]

1. e4 c5 2. b4 cxb4 3. a3 d5 4. axb4 dxe4 5. Nc3 Nf6 6. Qe2 Bf5 7. f3 Nc6 8.
fxe4 Nd4 9. Qd3 Bg6 10. Nf3 e5 11. Nxe5 Bxb4 12. Nxg6 hxg6 13. Nd5 Bc5 14. Bb2
Nxd5 15. Bxd4 Bxd4 16. Qxd4 Nc7 17. Qxd8+ Kxd8 18. Bc4 f6 19. O-O b5 20. Bf7 g5
21. e5 Ke7 22. Bg6 Rhf8 23. Be4 fxe5 24. Bxa8 Rxa8 25. Rf5 1-0

[Event "IV Open Internacional Calvia"]
[Site "Calvia"]
[Date "2007.10.22"]
[Round "8.6"]
[White "Orlov, Andrey"]
[Black "Malakhatko, Vadim"]
[Result "1/2-1/2"]
[WhiteElo "2481"]
[BlackElo "2596"]
[PlyCount "87"]
[EventDate "2007.??.??"]

1. e4 c5 2. Nf3 e6 3. Nc3 a6 4. d4 cxd4 5. Nxd4 b5 6. Bd3 Qb6 7. Be3 Bc5 8. Be2
Nc6 9. Nxc6 dxc6 10. Bxc5 Qxc5 11. Qd3 Nf6 12. O-O-O O-O 13. f4 e5 14. f5 Ra7
15. Qf3 Nd7 16. g4 a5 17. Rd2 Nb6 18. Nd1 Rd7 19. Rxd7 Bxd7 20. Nf2 f6 21. h4
Be8 22. g5 Bh5 23. Qxh5 Qxf2 24. gxf6 Qf4+ 25. Kb1 gxf6 26. Rf1 Qg3 27. Qh6 Nd7
28. Bh5 Qg7 29. Qe3 Kh8 30. Qa7 Nb8 31. Qxa5 Qg2 32. Qe1 Rg8 33. a3 Nd7 34. Qd1
Rg7 35. Bf3 Qh3 36. Rh1 Qg3 37. Ka2 Qf2 38. Rf1 Qxh4 39. Qd6 Qh3 40. Rf2 Qg3
41. Rf1 Qh3 42. Rf2 Qg3 43. Rf1 Qh3 44. Rf2 1/2-1/2

[Event "IV Open Internacional Calvia"]
[Site "Calvia"]
[Date "2007.10.22"]
[Round "8.7"]
[White "Mamedov, Rauf"]
[Black "Marzolo, Cyril"]
[Result "1/2-1/2"]
[WhiteElo "2582"]
[BlackElo "2478"]
[PlyCount "38"]
[EventDate "2007.??.??"]

1. e4 e5 2. Bc4 Nf6 3. d3 Nc6 4. Nc3 Bb4 5. Bd2 Na5 6. Nge2 Nxc4 7. dxc4 O-O 8.
Ng3 d6 9. Qe2 c6 10. a3 Ba5 11. O-O-O a6 12. c5 Ne8 13. Na4 Bc7 14. cxd6 Nxd6
15. Bb4 Qf6 16. Bxd6 Bxd6 17. Nb6 Rb8 18. Nxc8 Rfxc8 19. Nf5 Bf8 1/2-1/2

[Event "IV Open Internacional Calvia"]
[Site "Calvia"]
[Date "2007.10.22"]
[Round "8.8"]
[White "Cabrera, Alexis"]
[Black "Spraggett, Kevin"]
[Result "0-1"]
[WhiteElo "2499"]
[BlackElo "2580"]
[PlyCount "90"]
[EventDate "2007.??.??"]

1. e4 c5 2. Nf3 e6 3. d4 cxd4 4. Nxd4 a6 5. Nc3 Qc7 6. g3 Nf6 7. Bg2 d6 8. O-O
Be7 9. Be3 Nc6 10. f4 O-O 11. Kh1 Rb8 12. Qe2 Re8 13. Rad1 Bd7 14. Nb3 Bc8 15.
g4 Nd7 16. g5 Bf8 17. Qh5 g6 18. Qh4 b5 19. Rf3 b4 20. Rh3 h6 21. Ne2 Bb7 22.
Ng3 Bg7 23. gxh6 Bf6 24. Qg4 Bxb2 25. Qe2 Nf6 26. Qd3 Rbd8 27. Rb1 Bc3 28. Ne2
Ne5 29. h7+ Nxh7 30. Qd1 Ng4 31. Nxc3 Nxe3 32. Rxe3 bxc3 33. Qd4 e5 34. Rxc3
Qe7 35. fxe5 dxe5 36. Qb6 Rd6 37. Qa5 Ng5 38. Nc5 Ba8 39. Re1 Rd2 40. Nb3 Rxg2
41. Kxg2 Nxe4 42. Rce3 Qh4 43. R1e2 Rd8 44. h3 Rd1 45. Re1 Qf2+ 0-1

[Event "IV Open Internacional Calvia"]
[Site "Calvia"]
[Date "2007.10.22"]
[Round "8.9"]
[White "Arencibia, Rodriguez Walter"]
[Black "Libiszewski, Fabien"]
[Result "1-0"]
[WhiteElo "2562"]
[BlackElo "2486"]
[PlyCount "51"]
[EventDate "2007.??.??"]

1. Nf3 Nf6 2. b3 g6 3. Bb2 Bg7 4. g3 O-O 5. Bg2 d6 6. d4 e5 7. dxe5 Ng4 8. Nc3
Nxe5 9. Nxe5 Bxe5 10. Qd2 c6 11. O-O-O Qa5 12. Kb1 Na6 13. e4 f5 14. f4 Bg7 15.
Rhe1 fxe4 16. Nxe4 Qxd2 17. Rxd2 Bxb2 18. Kxb2 d5 19. Nd6 Rd8 20. Rde2 Nc7 21.
Re7 Rxd6 22. Rxc7 Be6 23. Rxb7 a5 24. a4 Rf8 25. Re7 Bf5 26. Ra7 1-0

[Event "IV Open Internacional Calvia"]
[Site "Calvia"]
[Date "2007.10.22"]
[Round "8.10"]
[White "Sveshnikov, Vladimir"]
[Black "Gharamian, Tigran"]
[Result "1/2-1/2"]
[WhiteElo "2366"]
[BlackElo "2557"]
[PlyCount "57"]
[EventDate "2007.??.??"]

1. e4 e6 2. d4 d5 3. exd5 exd5 4. Bd3 Nc6 5. c3 Be6 6. Ne2 Qd7 7. O-O Bf5 8.
Bxf5 Qxf5 9. Ng3 Qd7 10. Re1+ Be7 11. Qf3 Kf8 12. Nd2 g6 13. Ndf1 h5 14. h3 Bf6
15. Bf4 Kg7 16. Nd2 Nce7 17. Re2 Nh6 18. Rae1 Nhf5 19. Be5 Bxe5 20. Rxe5 c6 21.
Ndf1 Rhe8 22. Qe2 Kf8 23. Qd2 Ng7 24. Nh2 f6 25. R5e2 Nef5 26. Nxf5 Qxf5 27. g4
hxg4 28. hxg4 Rxe2 29. Rxe2 1/2-1/2

[Event "IV Open Internacional Calvia"]
[Site "Calvia"]
[Date "2007.10.22"]
[Round "8.13"]
[White "Manik, Mikulas"]
[Black "Maze, Sebastien"]
[Result "1-0"]
[WhiteElo "2420"]
[BlackElo "2576"]
[PlyCount "88"]
[EventDate "2007.??.??"]

1. e4 c5 2. Nf3 Nc6 3. Bb5 e6 4. O-O Nge7 5. Re1 a6 6. Bf1 d5 7. exd5 Nxd5 8.
d4 Be7 9. c4 Nf6 10. Be3 O-O 11. Nc3 cxd4 12. Nxd4 Bd7 13. Nb3 Qc7 14. Rc1 Rfd8
15. Na4 Nb4 16. Bb6 Qf4 17. g3 Qh6 18. Bxd8 Rxd8 19. Nac5 Bc6 20. Qe2 Bxc5 21.
Nxc5 Rd2 22. Qe3 Qxe3 23. Rxe3 Nxa2 24. Rb1 Nb4 25. Re2 Rd4 26. Nb3 Rd8 27. Rd2
Rc8 28. Bg2 Bxg2 29. Kxg2 h5 30. Rc1 Kf8 31. Rd6 Nc6 32. Rcd1 Ke7 33. f3 Rc7
34. R6d2 Ne5 35. c5 Ned7 36. Rd3 Nxc5 37. Rc1 b6 38. Nxc5 bxc5 39. Ra3 Rc6 40.
Rca1 Rd6 41. Rxa6 Rd2+ 42. Kg1 Rxb2 43. Ra7+ Kd6 44. Rxf7 c4 {
illegible. Ganan las Blancas en la jugada 57.} 1-0

[Event "IV Open Internacional Calvia"]
[Site "Calvia"]
[Date "2007.10.22"]
[Round "8.14"]
[White "Caspi, Israel"]
[Black "Romanishin, Oleg M"]
[Result "1/2-1/2"]
[WhiteElo "2377"]
[BlackElo "2547"]
[PlyCount "152"]
[EventDate "2007.??.??"]

1. e4 e5 2. Nf3 Nc6 3. Bb5 a6 4. Ba4 Nf6 5. O-O Be7 6. Re1 b5 7. Bb3 d6 8. c3
O-O 9. h3 Na5 10. Bc2 c5 11. d4 Nd7 12. Kh1 Re8 13. d5 Nf8 14. b3 Ng6 15. Be3
Bd7 16. Nbd2 Nb7 17. a4 bxa4 18. bxa4 Na5 19. Bd3 Qc8 20. Qe2 f5 21. exf5 Bxf5
22. Ne4 c4 23. Bc2 Nb3 24. Ra3 Rf8 25. a5 Bxe4 26. Bxe4 Nf4 27. Qf1 Bd8 28. Ra4
Nd3 29. Rb1 Nxa5 30. Bxd3 cxd3 31. Qxd3 Qd7 32. Rba1 Nb3 33. Rxa6 Rc8 34. Ra7
Qe8 35. R1a4 Nc5 36. Rg4 Bf6 37. Qf5 Be7 38. Qc2 Rf7 39. Rc4 Bf6 40. Rxf7 Qxf7
41. Qf5 Rf8 42. Bxc5 Qxd5 43. Bxd6 Qd1+ 44. Ng1 Qxd6 45. Rc8 Bd8 46. Qc2 Qe6
47. Rb8 e4 48. Qd2 Bb6 49. Qf4 Rxb8 50. Qxb8+ Kf7 51. Qf4+ Qf6 52. Qxe4 Qxf2
53. Qc4+ Kf8 54. Nf3 Qe3 55. Kh2 Bc5 56. h4 Bd6+ 57. Kh3 h6 58. Qc8+ Ke7 59. c4
Qc1 60. Qb7+ Kf6 61. Nd4 Qe3+ 62. Qf3+ Qxf3+ 63. Nxf3 h5 64. g4 hxg4+ 65. Kxg4
g6 66. Ng5 Bc7 67. Nf3 Bd6 68. Nd2 Ke5 69. Nb3 Bb4 70. Na1 Ke4 71. Nb3 Ke5 72.
Kf3 Be1 73. Kg4 Bb4 74. c5 Kd5 75. Kg5 Be1 76. Nc1 Bxh4+ 1/2-1/2

[Event "IV Open Internacional Calvia"]
[Site "Calvia"]
[Date "2007.10.22"]
[Round "8.15"]
[White "Peralta, Fernando"]
[Black "Wirig, Anthony"]
[Result "1-0"]
[WhiteElo "2546"]
[BlackElo "2467"]
[PlyCount "55"]
[EventDate "2007.??.??"]

1. d4 d5 2. c4 c6 3. Nf3 Nf6 4. Nc3 dxc4 5. a4 Bf5 6. e3 e6 7. Bxc4 Bb4 8. O-O
O-O 9. Nh4 Bg4 10. f3 Bh5 11. g4 Nd5 12. Ng2 Bg6 13. Ne2 Bd6 14. e4 Nb6 15. Bb3
c5 16. a5 Nc8 17. d5 Qc7 18. Nc3 c4 19. Bc2 e5 20. Kh1 a6 21. h4 f6 22. f4 exf4
23. Nxf4 Bf7 24. e5 Bxe5 25. g5 Rd8 26. Qg4 fxg5 27. Ne6 Qd7 28. Qf5 1-0

[Event "IV Open Internacional Calvia"]
[Site "Calvia"]
[Date "2007.10.22"]
[Round "8.16"]
[White "Teran Alvarez, Ismael"]
[Black "Jedynak, Radoslaw"]
[Result "0-1"]
[WhiteElo "2402"]
[BlackElo "2543"]
[PlyCount "136"]
[EventDate "2007.??.??"]

1. e4 c5 2. Nf3 d6 3. c3 Nf6 4. Be2 Bg4 5. O-O Nbd7 6. h3 Bh5 7. d3 e6 8. Nbd2
Be7 9. Nh2 Bxe2 10. Qxe2 h5 11. d4 cxd4 12. cxd4 Qb6 13. Nhf3 Rc8 14. b3 d5 15.
e5 Ng8 16. Rd1 Nb8 17. Nf1 Nc6 18. Be3 Nh6 19. Bxh6 Rxh6 20. Rac1 Rh8 21. Qe3
Kd7 22. Ng3 g6 23. Ne2 Qd8 24. Qf4 Rf8 25. h4 Qa5 26. Rc2 Nb4 27. Rxc8 Kxc8 28.
a4 Kb8 29. Ng5 Bxg5 30. Qxg5 Nc6 31. Kh2 a6 32. Qf4 Qb4 33. Rd3 Qe1 34. Re3 Qd1
35. b4 Qxa4 36. Rf3 Qxb4 37. Qh6 Qe7 38. g3 Rc8 39. Rf4 Qf8 40. Qg5 Ne7 41. Rf3
Nf5 42. Qd2 Rc4 43. Rb3 Qc8 44. Rb2 Qc6 45. Qd3 Ka8 46. Kh3 Qa4 47. Qb1 Rc7 48.
f3 Qc4 49. Qd1 Ne7 50. Qd2 Qa4 51. Ra2 Qb5 52. Rb2 Qc4 53. Qa5 Nc8 54. Qa3 Ka7
55. g4 Nb6 56. gxh5 gxh5 57. Qe3 Qa4 58. Qd3 Nc4 59. Rb1 Qa2 60. Rc1 Rc8 61.
Ng3 Nb2 62. Qd2 Rxc1 63. Qxc1 Nd3 64. Qe3 Nf2+ 65. Kg2 Nd1+ 66. Qe2 Qxe2+ 67.
Nxe2 Ne3+ 68. Kh3 a5 0-1

[Event "IV Open Internacional Calvia"]
[Site "Calvia"]
[Date "2007.10.22"]
[Round "8.17"]
[White "Grant, Jonathan"]
[Black "Heberla, Bartlomiej"]
[Result "0-1"]
[WhiteElo "2261"]
[BlackElo "2502"]
[PlyCount "70"]
[EventDate "2007.??.??"]

1. c4 e5 2. Nc3 Nc6 3. g3 f5 4. e3 Nf6 5. d4 e4 6. Nge2 g6 7. Nf4 d6 8. b4 Bg7
9. b5 Ne7 10. a4 O-O 11. Bg2 Qe8 12. O-O g5 13. Nfd5 Nexd5 14. cxd5 Qf7 15. Qb3
c6 16. Ba3 Rd8 17. f3 cxd5 18. g4 b6 19. gxf5 exf3 20. Bxf3 Bb7 21. Rac1 Rac8
22. Na2 Rxc1 23. Rxc1 Qd7 24. Bg2 Qxf5 25. Nb4 Ne4 26. Nc6 Re8 27. Rf1 Qe6 28.
Bb4 a5 29. Bxe4 Qxe4 30. Bxd6 Bc8 31. Rf2 Bh3 32. Be5 Bxe5 33. dxe5 Kg7 34. Qb2
Qg4+ 35. Rg2 Qd1+ 0-1

[Event "IV Open Internacional Calvia"]
[Site "Calvia"]
[Date "2007.10.22"]
[Round "8.18"]
[White "Drazic, Sinisa"]
[Black "Arakhamia-Grant, Ketevan"]
[Result "0-1"]
[WhiteElo "2493"]
[BlackElo "2432"]
[PlyCount "188"]
[EventDate "2007.??.??"]

1. d4 Nf6 2. Nc3 d5 3. Bg5 Nbd7 4. f3 c5 5. e4 dxe4 6. d5 h6 7. Be3 exf3 8.
Nxf3 Ng4 9. Bg1 g6 10. h3 Ngf6 11. Qd2 Bg7 12. Be3 a6 13. a4 Qa5 14. Ra3 Nb6
15. Rb3 Nbxd5 16. Nxd5 Qxd2+ 17. Nxd2 Nxd5 18. Bxc5 O-O 19. Bc4 Nc7 20. Rb6 Ne6
21. Bxe7 Re8 22. Ba3 Nf4+ 23. Kd1 Nxg2 24. Kc1 Nf4 25. h4 Bd4 26. Rb3 b6 27.
Rf1 Bf5 28. Kb1 Nh5 29. Rbf3 Ra7 30. Ka2 Bf6 31. Rb3 Rd8 32. Rf2 Bxh4 33. Rxf5
gxf5 34. Nf3 Bf2 35. Ne5 Rc8 36. Rh3 Bd4 37. Rxh5 Bxe5 38. Bd3 Kg7 39. Bxf5 Rd8
40. Bd3 Bd4 41. b4 a5 42. Bc1 Rd6 43. Kb3 axb4 44. Kxb4 Re6 45. Rh4 Bc5+ 46.
Kb3 Be7 47. Bb2+ Bf6 48. Rg4+ Kh8 49. Ba3 Rc7 50. Bb4 h5 51. Rf4 Kg7 52. Rf5
Re5 53. Rf3 Rg5 54. Rf1 h4 55. Bd2 Rh5 56. Be2 Rd5 57. Bd3 h3 58. Bf4 Rc3+ 59.
Kb4 Rc8 60. Rg1+ Kh8 61. Be3 Bc3+ 62. Kb3 Be5 63. Rg5 h2 64. Be4 Rc3+ 65. Kb4
Rxe3 66. Rh5+ Kg7 67. Bxd5 Re2 68. Kb5 Bd4 69. c3 Rb2+ 70. Kc4 Bg1 71. Rh3 f5
72. Kd3 Kf6 73. Bc6 Ke5 74. Rh4 Kf6 75. Rh5 Bc5 76. Kc4 Be3 77. Kd5 Bg5 78. Kc4
Rd2 79. Rh3 Ke5 80. Rd3 Rb2 81. Rd5+ Kf4 82. Rd4+ Kg3 83. Rd3+ Kg4 84. Rd4+ f4
85. Rd3 Be7 86. Bd7+ Kg5 87. Rh3 f3 88. Bc6 Kg4 89. Bd7+ Kf4 90. Bc6 f2 91. Bg2
Kg4 92. Kd3 Rb1 93. Rh7 h1=Q 94. Rg7+ Bg5 0-1

[Event "IV Open Internacional Calvia"]
[Site "Calvia"]
[Date "2007.10.22"]
[Round "8.19"]
[White "Karlsson, Lars"]
[Black "Bykhovsky, Anatoly"]
[Result "1-0"]
[WhiteElo "2485"]
[BlackElo "2364"]
[PlyCount "83"]
[EventDate "2007.??.??"]

1. c4 Nf6 2. Nc3 e5 3. g3 Bb4 4. Bg2 O-O 5. Nf3 Re8 6. O-O c6 7. a3 Bf8 8. d3
h6 9. e4 d6 10. h3 a5 11. Be3 Nbd7 12. Qc2 Rb8 13. Ba7 Ra8 14. Be3 Rb8 15. d4
exd4 16. Nxd4 Nb6 17. b3 a4 18. Rfd1 axb3 19. Qxb3 Nbd7 20. Nf5 Qc7 21. Qb4 b6
22. Bf4 Ne5 23. Nxd6 Re6 24. Bxe5 Rxe5 25. f4 Re6 26. e5 Ne8 27. Nce4 f6 28. c5
bxc5 29. Qc4 Kh8 30. Nxe8 Rxe8 31. exf6 Be6 32. Qc3 Bd5 33. Re1 c4 34. Kh2 Rb3
35. Qc2 Qb6 36. Ng5 hxg5 37. Rxe8 Kg8 38. Qg6 Qb7 39. Rxf8+ Kxf8 40. Re1 Qf7
41. fxg7+ Kg8 42. Re8+ 1-0

[Event "IV Open Internacional Calvia"]
[Site "Calvia"]
[Date "2007.10.22"]
[Round "8.21"]
[White "Fierro Baquero, Martha L"]
[Black "Gagunashvili, Merab"]
[Result "1/2-1/2"]
[WhiteElo "2345"]
[BlackElo "2584"]
[PlyCount "56"]
[EventDate "2007.??.??"]

1. e4 d6 2. d4 Nf6 3. Nc3 g6 4. Nf3 Bg7 5. Bf4 O-O 6. Qd2 Nc6 7. d5 e5 8. Bh6
Nd4 9. Bxg7 Nxf3+ 10. gxf3 Kxg7 11. f4 exf4 12. Qxf4 Nh5 13. Qd2 f5 14. O-O-O
fxe4 15. Nxe4 Qh4 16. Qc3+ Kg8 17. Bd3 Bf5 18. Ng3 Bxd3 19. Nxh5 Qxh5 20. Rxd3
Rxf2 21. Qxc7 Qf5 22. Qxb7 Rc8 23. Qb3 Qf4+ 24. Kb1 Rxh2 25. Rhd1 Rhxc2 26. a3
Rc1+ 27. Rxc1 Rxc1+ 28. Ka2 Qc4 1/2-1/2

[Event "IV Open Internacional Calvia"]
[Site "Calvia"]
[Date "2007.10.22"]
[Round "8.22"]
[White "Aleskerov, Faik"]
[Black "Del Rio Angelis, Salvador G"]
[Result "1/2-1/2"]
[WhiteElo "2327"]
[BlackElo "2512"]
[PlyCount "68"]
[EventDate "2007.??.??"]

1. Nf3 d5 2. d4 Nf6 3. e3 e6 4. Nbd2 c5 5. c3 Be7 6. Bd3 O-O 7. O-O Nc6 8. dxc5
Bxc5 9. e4 dxe4 10. Nxe4 Nxe4 11. Bxe4 h6 12. Qxd8 Rxd8 13. Bf4 Bd7 14. Rfd1
Be8 15. Ne5 f6 16. Nxc6 Bxc6 17. Bxc6 bxc6 18. Be3 Bxe3 19. fxe3 Kf7 20. Kf2 e5
21. e4 Ke6 22. Ke3 h5 23. h4 g6 24. g3 f5 25. b4 Rxd1 26. Rxd1 a5 27. a3 axb4
28. axb4 Ra3 29. Kd3 fxe4+ 30. Kc4 Kf5 31. Rf1+ Kg4 32. Rf6 e3 33. Kd3 e4+ 34.
Kxe3 Rxc3+ 1/2-1/2

[Event "IV Open Internacional Calvia"]
[Site "Calvia"]
[Date "2007.10.22"]
[Round "8.23"]
[White "Zozulia, Anna"]
[Black "Cornette, Matthieu"]
[Result "1/2-1/2"]
[WhiteElo "2343"]
[BlackElo "2494"]
[PlyCount "59"]
[EventDate "2007.??.??"]

1. e4 c5 2. Nf3 Nc6 3. d4 cxd4 4. Nxd4 g6 5. Nc3 Bg7 6. Nb3 d6 7. Be2 Bxc3+ 8.
bxc3 Nf6 9. f3 O-O 10. O-O Be6 11. Bh6 Re8 12. Kh1 Rc8 13. Rb1 Qc7 14. a4 a6
15. Nd4 Na5 16. Nxe6 fxe6 17. Qe1 Qd7 18. Bd3 e5 19. Qe3 Rc5 20. Qf2 Rec8 21.
Qh4 Nc6 22. Rb3 Nd8 23. Bg5 Qxa4 24. f4 exf4 25. Bxf6 exf6 26. Qxf6 Qe8 27.
Qxf4 Ne6 28. Qg4 Re5 29. h4 b5 30. Ra3 {illegible. Tablas en la jugada 45.}
1/2-1/2

[Event "IV Open Internacional Calvia"]
[Site "Calvia"]
[Date "2007.10.22"]
[Round "8.24"]
[White "Fernandez Romero, Ernesto"]
[Black "Thomassen, Joachim"]
[Result "1-0"]
[WhiteElo "2459"]
[BlackElo "2263"]
[PlyCount "103"]
[EventDate "2007.??.??"]

1. e4 e5 2. Nf3 Nc6 3. Bb5 a6 4. Ba4 Nf6 5. O-O Be7 6. Re1 b5 7. Bb3 O-O 8. c3
d5 9. d4 exd4 10. e5 Ne4 11. cxd4 Bg4 12. Nc3 Nxc3 13. bxc3 Qd7 14. a4 Rab8 15.
axb5 axb5 16. h3 Bh5 17. Bf4 Nd8 18. g4 Ne6 19. Bg3 Bg6 20. Qd2 Be4 21. Nh4 b4
22. Rxe4 dxe4 23. Nf5 bxc3 24. Qxc3 Bb4 25. Qc4 c6 26. Ra6 Rfc8 27. Ra4 Bf8 28.
Bc2 Qd5 29. Qe2 g6 30. Bxe4 Qb5 31. Rc4 Rd8 32. Nd6 Bxd6 33. exd6 Nxd4 34. Qd3
Ne6 35. Rxc6 Nc5 36. Qxb5 Rxb5 37. Bd5 Nb7 38. Bf3 Na5 39. Rc7 Kg7 40. Kg2 Kf6
41. h4 h6 42. Be4 Ke6 43. Re7+ Kf6 44. Rc7 Ke6 45. Kh3 Nb3 46. Bd3 Rc5 47. Bc4+
Rxc4 48. Rxc4 Na5 49. Re4+ Kf6 50. Be5+ Ke6 51. Bc3+ Kd5 52. Re5+ 1-0